[Event "SV Mülheim-Nord 2 - SF Gerresheim 1"]
[Site "Oberliga NRW 2017/2018"]
[Date "2017.09.17"]
[Round "1.5"]
[White "Kooijmans, Jermo"]
[Black "Bus, Tom"]
[Result "1/2-1/2"]
[WhiteElo "2279"]
[BlackElo "2106"]
[PlyCount "116"]
[EventDate "2017.??.??"]
[WhiteTeam "SF Gerresheim 1"]
[BlackTeam "SV Mülheim-Nord 2"]

1. e4 c5 2. Nf3 Nc6 3. d4 cxd4 4. Nxd4 Nf6 5. Nc3 d6 6. Bg5 e6 7. Qd2 a6 8.
O-O-O Bd7 9. f3 Be7 10. Be3 h5 11. Kb1 Rc8 12. Nxc6 Bxc6 13. Bd3 b5 14. Ne2 e5
15. h3 h4 16. Nc3 O-O 17. Qf2 b4 18. Ne2 Bb5 19. Qxh4 Qc7 20. Rc1 b3 21. axb3
Bxd3 22. cxd3 Qb7 23. Rxc8 Rxc8 24. Nc1 Nd5 25. Qe1 Nb4 26. Bd2 Nc2 27. Qd1 Nd4
28. h4 Qb5 29. Bc3 Ne6 30. g3 d5 31. exd5 Qxd5 32. Qe2 Bd6 33. Re1 Rc5 34. Qe4
Bc7 35. b4 Rb5 36. Qxd5 Rxd5 37. Re4 Kf8 38. Rc4 Bb6 39. Rc6 Bf2 40. g4 Bxh4
41. Rxa6 Bd8 42. Bd2 Nd4 43. f4 Nf3 44. Be3 exf4 45. Bxf4 Ke7 46. Kc2 Rd4 47.
Ne2 Rd5 48. Kc3 Ne5 49. Bxe5 Rxe5 50. Nd4 Rg5 51. b5 Kd7 52. b6 Bf6 53. Ra7+
Kc8 54. Rxf7 Rc5+ 55. Kb4 Bxd4 56. Rxg7 Rc2 57. Rc7+ Rxc7 58. bxc7 Bxb2 1/2-1/2

[Event "SV Mülheim-Nord 2 - SF Gerresheim 1"]
[Site "Oberliga NRW 2017/2018"]
[Date "2017.09.17"]
[Round "1.6"]
[White "Krueger, Andre"]
[Black "Volkov, Mykyta"]
[Result "1/2-1/2"]
[WhiteElo "2053"]
[BlackElo "2178"]
[PlyCount "47"]
[EventDate "2017.??.??"]
[WhiteTeam "SV Mülheim-Nord 2"]
[BlackTeam "SF Gerresheim 1"]

1. d4 e6 2. Bf4 Nf6 3. e3 b6 4. Nd2 Bb7 5. Ngf3 Be7 6. h3 O-O 7. Bd3 c5 8. c3
cxd4 9. exd4 d6 10. Qc2 Ba6 11. Bxa6 Nxa6 12. O-O Nc7 13. a4 a6 14. c4 b5 15.
axb5 axb5 16. b3 Qd7 17. Qb2 Rab8 18. Qc2 Qc6 19. Rfc1 Rfc8 20. Qd1 Qb7 21. Ra2
Ne4 22. Nxe4 Qxe4 23. Bg3 Ra8 24. Rac2 1/2-1/2

[Event "SV Mülheim-Nord 2 - SF Gerresheim 1"]
[Site "Oberliga NRW 2017/2018"]
[Date "2017.09.17"]
[Round "1.7"]
[White "Selten, Jan"]
[Black "Winkels, Marcel"]
[Result "1-0"]
[WhiteElo "2078"]
[BlackElo "1956"]
[PlyCount "135"]
[EventDate "2017.??.??"]
[WhiteTeam "SF Gerresheim 1"]
[BlackTeam "SV Mülheim-Nord 2"]

1. e4 c5 2. Nf3 d6 3. Bb5+ Nd7 4. O-O a6 5. Bxd7+ Bxd7 6. c3 Nf6 7. Re1 e6 8.
d4 cxd4 9. cxd4 d5 10. exd5 Nxd5 11. Qb3 Be7 12. Nc3 Nxc3 13. bxc3 b5 14. Ne5
O-O 15. Ba3 Bxa3 16. Qxa3 Bc8 17. Nc6 Qf6 18. Re3 Bb7 19. Ne5 Qd8 20. Rg3 a5
21. Qb2 Ba6 22. Qd2 Kh8 23. Re1 Rc8 24. Qf4 Rc7 25. h4 f6 26. Nd3 Bc8 27. Qe4
Rxc3 28. Nf4 Rxg3 29. fxg3 Qb6 30. Kh2 b4 31. Nxe6 Bxe6 32. Qxe6 Qxd4 33. Qf7
Qd8 34. Rd1 Qe8 35. Qa7 Qa8 36. Rd7 Qxa7 37. Rxa7 Rb8 38. Rxa5 Kg8 39. Ra7 Re8
40. Rb7 Re4 41. Kg1 h6 42. Kf2 Kh7 43. Kf3 Rc4 44. h5 Kg8 45. g4 Kf8 46. g3 Rd4
47. Rb8+ Ke7 48. Rb7+ Kd6 49. Rxg7 Rd3+ 50. Kf4 Ra3 51. Kf5 Kc6 52. g5 fxg5 53.
Rg6+ Kc5 54. Rxh6 Rxa2 55. Rh8 Kc4 56. Rc8+ Kd3 57. h6 Rh2 58. Kxg5 b3 59. Rb8
Kc2 60. g4 b2 61. Kg6 b1=Q 62. Rxb1 Kxb1 63. g5 Kc2 64. Kh7 Rd2 65. g6 Rd7+ 66.
g7 Kd3 67. Kh8 Rd6 68. h7 1-0

[Event "SV Mülheim-Nord 2 - SF Gerresheim 1"]
[Site "Oberliga NRW 2017/2018"]
[Date "2017.09.17"]
[Round "1.8"]
[White "Sokalska, Viktorija"]
[Black "Sponheim, Marko"]
[Result "1-0"]
[WhiteElo "1921"]
[BlackElo "2068"]
[PlyCount "45"]
[EventDate "2017.??.??"]
[WhiteTeam "SV Mülheim-Nord 2"]
[BlackTeam "SF Gerresheim 1"]

1. e4 c5 2. Nc3 Nc6 3. g3 g6 4. Bg2 Bg7 5. d3 d6 6. Nge2 e6 7. Be3 Nd4 8. O-O
Ne7 9. Qd2 O-O 10. f4 Rb8 11. g4 f5 12. gxf5 gxf5 13. Ng3 b5 14. Nd1 b4 15.
Bxd4 cxd4 16. Nf2 fxe4 17. dxe4 Ng6 18. Nh5 e5 19. f5 Nh4 20. Ng4 Nxg2 21. Qxg2
Rb7 22. f6 Bxg4 23. fxg7 1-0

[Event "SK Münster 1 - SV Dinslaken 1"]
[Site "Oberliga NRW 2017/2018"]
[Date "2017.09.17"]
[Round "1.1"]
[White "Sielecki, Christof"]
[Black "Holtel, Jasper"]
[Result "1/2-1/2"]
[WhiteElo "2396"]
[BlackElo "2181"]
[PlyCount "123"]
[EventDate "2017.??.??"]
[WhiteTeam "SV Dinslaken 1"]
[BlackTeam "SK Münster 1"]

1. e4 c5 2. Nf3 d6 3. Bb5+ Nd7 4. c3 Ngf6 5. Qe2 a6 6. Ba4 b5 7. Bc2 Bb7 8. d4
e6 9. O-O Be7 10. Re1 O-O 11. Nbd2 Qc7 12. Nf1 Rac8 13. Bd3 Rfe8 14. a4 Nb6 15.
axb5 c4 16. Bc2 axb5 17. Ng3 Ra8 18. Bd2 Rxa1 19. Rxa1 Ra8 20. Qd1 Qb8 21. Qb1
Rxa1 22. Qxa1 Qa8 23. Qb1 h6 24. h3 Bc6 25. Be3 Qa5 26. Bd2 Qa8 27. Nh2 Nbd7
28. Nhf1 Ne8 29. Ne3 Bg5 30. Ne2 Nef6 31. f3 Nh5 32. Qc1 Bb7 33. g4 Nf4 34.
Nxf4 Bxf4 35. Nxc4 bxc4 36. Bxf4 d5 37. e5 Nf8 38. h4 Qd8 39. h5 Qh4 40. Kg2
Bc6 41. Bg3 Qe7 42. f4 Nh7 43. Qe1 Nf8 44. Bh4 Qb7 45. Qc1 Nh7 46. f5 exf5 47.
gxf5 f6 48. e6 Ng5 49. Bg3 Be8 50. Bd1 Ne4 51. Bf4 Qc6 52. Qa1 Qb7 53. Qa3 Kh7
54. Kf1 Qb6 55. Ke1 Qb7 56. Qb4 Qa6 57. Qb8 Qa1 58. Qxe8 Qxb2 59. Qg6+ Kg8 60.
Qe8+ Kh7 61. Qg6+ Kg8 62. Qf7+ 1/2-1/2

[Event "SK Münster 1 - SV Dinslaken 1"]
[Site "Oberliga NRW 2017/2018"]
[Date "2017.09.17"]
[Round "1.2"]
[White "Webb, Laurence"]
[Black "Tereick, Benjamin"]
[Result "1/2-1/2"]
[WhiteElo "2256"]
[BlackElo "2332"]
[PlyCount "134"]
[EventDate "2017.??.??"]
[WhiteTeam "SK Münster 1"]
[BlackTeam "SV Dinslaken 1"]

1. e4 e6 2. d4 d5 3. exd5 exd5 4. Nf3 Nf6 5. Bd3 c5 6. c3 Be7 7. dxc5 Bxc5 8.
Qe2+ Be6 9. O-O O-O 10. Be3 Bxe3 11. Qxe3 Re8 12. Nd4 Qb6 13. Nb5 Qxe3 14. fxe3
Re7 15. Nd2 Nc6 16. h3 Bd7 17. Rae1 Ne5 18. Be2 Ng6 19. Bd3 Ne5 20. Be2 Bxb5
21. Bxb5 a6 22. Be2 Rae8 23. Kf2 h6 24. g3 b5 25. Rg1 Re6 26. Rgf1 Nc4 27. Nxc4
Ne4+ 28. Kg2 dxc4 29. Bg4 Rd6 30. Rd1 Rxd1 31. Rxd1 Nc5 32. Rd5 Nd3 33. b3 Rxe3
34. bxc4 bxc4 35. Rd8+ Kh7 36. Bf5+ g6 37. Bxd3 cxd3 38. Kf2 Re2+ 39. Kf3 Rxa2
40. Rxd3 Ra4 41. Rd6 Kg7 42. c4 Kf8 43. c5 Ke7 44. Rb6 Ra3+ 45. Kf4 Rc3 46.
Rxa6 Rxc5 47. h4 h5 48. Rb6 Rf5+ 49. Ke4 Rf1 50. Ke3 Kf8 51. Ke2 Rf5 52. Ke3
Kg7 53. Ra6 Kh6 54. Rb6 f6 55. Ke4 Rf1 56. Ke3 g5 57. hxg5+ Kxg5 58. Rb4 f5 59.
Ke2 Ra1 60. Kf3 Ra3+ 61. Kf2 Ra8 62. Kg2 Re8 63. Kh3 Re4 64. Rb8 Rg4 65. Rg8+
Kf6 66. Rf8+ Kg5 67. Rg8+ Kf6 1/2-1/2

[Event "SK Münster 1 - SV Dinslaken 1"]
[Site "Oberliga NRW 2017/2018"]
[Date "2017.09.17"]
[Round "1.3"]
[White "Stomberg, Thomas"]
[Black "Muschik, Benedikt"]
[Result "1/2-1/2"]
[WhiteElo "2352"]
[BlackElo "2236"]
[PlyCount "49"]
[EventDate "2017.??.??"]
[WhiteTeam "SV Dinslaken 1"]
[BlackTeam "SK Münster 1"]

1. Nf3 b6 2. c4 Bb7 3. d4 e6 4. g3 Bb4+ 5. Nbd2 c5 6. dxc5 Bxf3 7. exf3 bxc5 8.
Bg2 Nc6 9. f4 Nge7 10. O-O Bxd2 11. Bxd2 O-O 12. Be3 d6 13. Qa4 Qc7 14. Rfd1
Rab8 15. Rd2 Rb4 16. Qc2 Nf5 17. Rad1 h5 18. Qc3 Rfb8 19. Be4 Nce7 20. Bf3 g6
21. h3 Nc6 22. Be4 Nce7 23. Bh1 Nd4 24. b3 e5 25. Be4 1/2-1/2

[Event "SK Münster 1 - SV Dinslaken 1"]
[Site "Oberliga NRW 2017/2018"]
[Date "2017.09.17"]
[Round "1.4"]
[White "Wolter, Kai"]
[Black "Mundorf, Johannes"]
[Result "1-0"]
[WhiteElo "2202"]
[BlackElo "2202"]
[PlyCount "72"]
[EventDate "2017.??.??"]
[WhiteTeam "SK Münster 1"]
[BlackTeam "SV Dinslaken 1"]

1. e4 e6 2. Nf3 d5 3. exd5 exd5 4. d4 Nf6 5. Bd3 c5 6. O-O c4 7. Be2 Bd6 8. b3
cxb3 9. axb3 O-O 10. Ba3 Nc6 11. Bxd6 Qxd6 12. Re1 Bg4 13. c3 Rfe8 14. Nbd2 Re7
15. Bd3 Rxe1+ 16. Qxe1 Re8 17. Qb1 Qf4 18. Qc2 Rc8 19. Qb2 Ne4 20. Re1 Nd6 21.
h3 Bf5 22. Bxf5 Qxf5 23. Nf1 Qd3 24. Re3 Qb5 25. Ng3 g6 26. Qa3 Rd8 27. Ne5 Na5
28. Ng4 h5 29. c4 dxc4 30. Re5 Qb6 31. Nf6+ Kf8 32. Qc1 Nf5 33. Nxf5 Qxf6 34.
Qh6+ Kg8 35. Ne7+ Qxe7 36. Rxe7 cxb3 1-0

[Event "SK Münster 1 - SV Dinslaken 1"]
[Site "Oberliga NRW 2017/2018"]
[Date "2017.09.17"]
[Round "1.5"]
[White "Welzel, Philipp"]
[Black "Chilla, Jan Eric"]
[Result "0-1"]
[WhiteElo "2187"]
[BlackElo "2196"]
[PlyCount "114"]
[EventDate "2017.??.??"]
[WhiteTeam "SV Dinslaken 1"]
[BlackTeam "SK Münster 1"]

1. d4 Nf6 2. c4 e6 3. g3 d5 4. Nf3 dxc4 5. Bg2 a6 6. O-O Nc6 7. e3 Bd7 8. Qe2
b5 9. b3 cxb3 10. axb3 Be7 11. Bb2 O-O 12. Rc1 Nb4 13. Ne5 c6 14. Na3 Qb6 15.
Nc2 Rfc8 16. Nxb4 Bxb4 17. Qf3 Be8 18. Nxc6 Bf8 19. Ne5 Rab8 20. e4 a5 21. d5
a4 22. Qd1 Bc5 23. Nd3 Bd4 24. dxe6 fxe6 25. e5 Nd5 26. Bxd5 exd5 27. Rxc8 Rxc8
28. Qg4 Rc3 29. Bxc3 Bxc3 30. Rc1 d4 31. bxa4 bxa4 32. Qc8 Qc6 33. Qxc6 Bxc6
34. Nb4 Bf3 35. Na2 Bb2 36. Rc7 Bd5 37. Nb4 Bb3 38. Nd3 a3 39. e6 Kf8 40. Nc5
Bd5 41. Rc8+ Ke7 42. Rc7+ Kf6 43. Rf7+ Kg6 44. Nd3 Bxe6 45. Ra7 Bf5 46. Ne5+
Kf6 47. Nc4 Bc2 48. f3 d3 49. Kf1 Bb3 50. Ra6+ Ke7 51. Ra7+ Ke6 52. Ra6+ Ke7
53. Ra7+ Kd8 54. Nd2 Be6 55. Ne4 a2 56. Nc5 Bc4 57. Nb7+ Kc7 0-1

[Event "SK Münster 1 - SV Dinslaken 1"]
[Site "Oberliga NRW 2017/2018"]
[Date "2017.09.17"]
[Round "1.6"]
[White "Kamp, Christoph"]
[Black "Borchert, Rene"]
[Result "1/2-1/2"]
[WhiteElo "2221"]
[BlackElo "2112"]
[PlyCount "162"]
[EventDate "2017.??.??"]
[WhiteTeam "SK Münster 1"]
[BlackTeam "SV Dinslaken 1"]

1. c4 e6 2. Nc3 Nf6 3. e4 Nc6 4. Nf3 d5 5. e5 Ne4 6. d4 Bb4 7. Qc2 f5 8. Be3
O-O 9. Bd3 f4 10. Bd2 Ng5 11. Nxg5 Qxg5 12. cxd5 Nxd4 13. Bxh7+ Kh8 14. Qe4 c5
15. dxc6 Nxc6 16. h4 Qxe5 17. h5 Qxe4+ 18. Bxe4 e5 19. O-O-O Bf5 20. Bxf5 Rxf5
21. Ne4 Bxd2+ 22. Rxd2 Nd4 23. Nd6 Rf6 24. Nxb7 Rb8 25. Na5 Ra6 26. Nc4 Rc8 27.
b3 Nxb3+ 28. axb3 Ra1+ 29. Kb2 Rxh1 30. Nxe5 Kh7 31. Ng6 f3 32. gxf3 Rxh5 33.
Ne7 Rc7 34. Nd5 Rf7 35. f4 Kh6 36. Kc3 Rb7 37. Rd3 Kg6 38. Ne3 Kf7 39. Nc4 Rc7
40. Kd2 Ke7 41. Re3+ Kf6 42. Ne5 Rh4 43. Nd3 Re7 44. Rg3 Kf5 45. Kc3 Rh8 46.
Kd4 Rd8+ 47. Kc3 Rc7+ 48. Kd2 Ke4 49. Re3+ Kf5 50. Re5+ Kf6 51. Re3 Rdc8 52.
Re5 Rc2+ 53. Ke3 R2c3 54. Ke4 Rxb3 55. Rf5+ Ke7 56. Re5+ Kf8 57. Rd5 Rb6 58.
Ne5 Kg8 59. Kf5 a6 60. Ng6 Re8 61. Rd7 a5 62. Ra7 Rb5+ 63. Ne5 Rf8+ 64. Kg5 Kh7
65. f3 Rd5 66. Ra6 Rf6 67. Ra8 Rd4 68. f5 Rd5 69. f4 Rb5 70. Kg4 Rfb6 71. Nc4
Rf6 72. Ne5 Rfb6 73. Nc4 Rb8 74. Rxb8 Rxb8 75. Nxa5 Rb1 76. Nc6 Kg8 77. Ne5 Kf8
78. Kg5 Rg1+ 79. Ng4 Kf7 80. Kh5 Rf1 81. Kg5 Rg1 1/2-1/2

[Event "SK Münster 1 - SV Dinslaken 1"]
[Site "Oberliga NRW 2017/2018"]
[Date "2017.09.17"]
[Round "1.7"]
[White "Ossig, Rainer"]
[Black "Rott, Georg"]
[Result "1-0"]
[WhiteElo "2135"]
[BlackElo "2123"]
[PlyCount "103"]
[EventDate "2017.??.??"]
[WhiteTeam "SV Dinslaken 1"]
[BlackTeam "SK Münster 1"]

1. Nf3 d5 2. g3 c6 3. Bg2 Bg4 4. c4 Nd7 5. cxd5 cxd5 6. Nc3 e6 7. Qa4 Bxf3 8.
Bxf3 a6 9. d4 b5 10. Qb3 Ngf6 11. Bf4 Be7 12. O-O O-O 13. Rac1 Rc8 14. Rc2 Rc4
15. Rd2 Qa5 16. Rd3 Rfc8 17. Bd2 Qb6 18. e3 Qc6 19. Qd1 b4 20. Nb1 Ne4 21. Be2
Rc2 22. f3 Nxd2 23. Rxd2 a5 24. Bd3 Rc1 25. Qe2 Nb6 26. Rdd1 Rxd1 27. Rxd1 g6
28. Kf2 a4 29. Nd2 Rc7 30. Rb1 Qa8 31. Rd1 Qc8 32. Ba6 Qf8 33. Bd3 Qh6 34. Kg2
Qf8 35. Kf2 h5 36. f4 Qa8 37. Rg1 Nc8 38. g4 hxg4 39. Qxg4 Kf8 40. h4 Ke8 41.
h5 Nd6 42. hxg6 f5 43. g7 fxg4 44. g8=Q+ Bf8 45. Qxe6+ Kd8 46. Rxg4 Qc6 47. Qg8
Rf7 48. Rg6 Ke7 49. f5 Qc8 50. Rxd6 Rxf5+ 51. Ke2 Kxd6 52. Qg6+ 1-0

[Event "SK Münster 1 - SV Dinslaken 1"]
[Site "Oberliga NRW 2017/2018"]
[Date "2017.09.17"]
[Round "1.8"]
[White "Virnyi, Julius"]
[Black "Nent, Alexander"]
[Result "0-1"]
[WhiteElo "2063"]
[BlackElo "2072"]
[Annotator "Daniel"]
[PlyCount "80"]
[EventDate "2017.??.??"]
[WhiteTeam "SK Münster 1"]
[BlackTeam "SV Dinslaken 1"]

1. d4 Nf6 2. c4 e6 3. Nc3 Bb4 4. e3 c5 5. Nge2 O-O 6. a3 Bxc3+ 7. Nxc3 d6 8. d5
e5 9. e4 Nbd7 10. Bd3 Ne8 11. O-O g6 12. Bh6 Ng7 13. Qd2 Qe7 14. b4 b6 15. Rae1
a6 16. Rb1 f6 17. bxc5 bxc5 18. Bc2 Rf7 19. Ba4 f5 20. Bg5 Qf8 21. Bc6 Ra7 22.
f4 exf4 23. Bxd7 Bxd7 24. Bxf4 Nh5 25. e5 Nxf4 26. Qxf4 dxe5 27. Qxe5 Re7 28.
Qf4 Kg7 $11 29. Rfe1 Rxe1+ 30. Rxe1 Qf6 31. Re5 Rb7 32. Qe3 Kf7 33. h3 Rb3 34.
d6 Qxd6 35. Qf4 Qd4+ 36. Qxd4 cxd4 37. Nd5 Bc6 38. a4 Rb2 39. c5 d3 40. Nc3 Rc2
0-1

[Event "SV Wattenscheid 1 - SV Dinslaken 1"]
[Site "Oberliga NRW 2017/2018"]
[Date "2017.10.15"]
[Round "2.1"]
[White "Sielecki, Christof"]
[Black "Koscielski, Janusz"]
[Result "1/2-1/2"]
[WhiteElo "2396"]
[BlackElo "2280"]
[PlyCount "35"]
[EventDate "2017.??.??"]
[WhiteTeam "SV Dinslaken 1"]
[BlackTeam "SV Wattenscheid 1"]

1. e4 c6 2. Nc3 d5 3. Nf3 Nf6 4. e5 Ne4 5. Ne2 Qb6 6. d4 e6 7. Ng3 c5 8. Bd3
Nxg3 9. hxg3 cxd4 10. a3 Nc6 11. b4 Bd7 12. Kf1 O-O-O 13. Bb2 f6 14. exf6 gxf6
15. b5 Ne5 16. Bxd4 Bc5 17. Bxc5 Qxc5 18. Qe1 1/2-1/2

[Event "SV Wattenscheid 1 - SV Dinslaken 1"]
[Site "Oberliga NRW 2017/2018"]
[Date "2017.10.15"]
[Round "2.2"]
[White "Wengenroth, Walter"]
[Black "Stomberg, Thomas"]
[Result "1/2-1/2"]
[WhiteElo "2250"]
[BlackElo "2352"]
[PlyCount "50"]
[EventDate "2017.??.??"]
[WhiteTeam "SV Wattenscheid 1"]
[BlackTeam "SV Dinslaken 1"]

1. e4 e6 2. d4 d5 3. Nd2 c5 4. exd5 exd5 5. Ngf3 a6 6. dxc5 Bxc5 7. Nb3 Bb6 8.
Qe2+ Qe7 9. Bg5 Qxe2+ 10. Bxe2 Nc6 11. O-O h6 12. Bh4 Be6 13. Rad1 Nge7 14.
Bxe7 Kxe7 15. Nbd4 Kf6 16. c3 Bg4 17. Nc2 Rhd8 18. Ne3 Be6 19. Nd4 Rac8 20. Bf3
Nxd4 21. cxd4 Ke7 22. Rd3 f5 23. Re1 Kd6 24. g3 g5 25. g4 Ba5 1/2-1/2

[Event "SV Wattenscheid 1 - SV Dinslaken 1"]
[Site "Oberliga NRW 2017/2018"]
[Date "2017.10.15"]
[Round "2.3"]
[White "Mundorf, Johannes"]
[Black "Sandkamp, Ralph"]
[Result "1/2-1/2"]
[WhiteElo "2202"]
[BlackElo "2215"]
[Annotator "Daniel"]
[PlyCount "76"]
[EventDate "2017.??.??"]
[WhiteTeam "SV Dinslaken 1"]
[BlackTeam "SV Wattenscheid 1"]

1. Nf3 g6 2. c4 Bg7 3. Nc3 c5 4. g3 Nc6 5. Bg2 e6 6. d4 cxd4 7. Nb5 d5 8. cxd5
Qa5+ 9. Nd2 Qxb5 10. dxc6 Ne7 11. a4 Qb4 12. b3 bxc6 13. Ba3 Qb7 14. Nc4 Qc7
15. Nd6+ Kf8 16. O-O Be5 17. Nc4 Bf6 18. Bc5 Ba6 19. Qd2 Bxc4 $11 20. bxc4 Kg7
21. Bxd4 Rhd8 22. Bxf6+ Kxf6 23. Qc2 Rab8 24. a5 Qe5 25. Qe4 Rd4 26. Qxe5+ Kxe5
27. Rfb1 $11 Rxb1+ 28. Rxb1 Rxc4 29. f4+ Kd6 30. Rb7 Ra4 31. Rxa7 f5 32. Kf2 h6
33. Ra8 g5 34. fxg5 hxg5 35. a6 g4 36. Rd8+ Kc7 37. Re8 Kd7 38. Ra8 Kc7 1/2-1/2

[Event "SV Wattenscheid 1 - SV Dinslaken 1"]
[Site "Oberliga NRW 2017/2018"]
[Date "2017.10.15"]
[Round "2.4"]
[White "Straeter, Timo"]
[Black "Welzel, Philipp"]
[Result "1-0"]
[WhiteElo "2305"]
[BlackElo "2187"]
[PlyCount "47"]
[EventDate "2017.??.??"]
[WhiteTeam "SV Wattenscheid 1"]
[BlackTeam "SV Dinslaken 1"]

1. d4 Nf6 2. Nf3 d5 3. c4 e6 4. Nc3 Be7 5. Bg5 O-O 6. e3 h6 7. Bxf6 Bxf6 8. Qc2
c5 9. dxc5 dxc4 10. Bxc4 Qa5 11. O-O Bxc3 12. Qxc3 Qxc5 13. Rac1 Nc6 14. Rfd1
Qb6 15. Bb3 Rd8 16. Rxd8+ Qxd8 17. Rd1 Qe7 18. Bc2 g6 19. h4 e5 20. Be4 Bg4 21.
Bxc6 Rc8 22. Nxe5 Bxd1 23. Nxg6 fxg6 24. Bd5+ 1-0

[Event "SV Wattenscheid 1 - SV Dinslaken 1"]
[Site "Oberliga NRW 2017/2018"]
[Date "2017.10.15"]
[Round "2.5"]
[White "Borchert, Rene"]
[Black "Koerber, Matthias"]
[Result "1-0"]
[WhiteElo "2112"]
[BlackElo "2195"]
[Annotator "Daniel"]
[PlyCount "97"]
[EventDate "2017.??.??"]
[WhiteTeam "SV Dinslaken 1"]
[BlackTeam "SV Wattenscheid 1"]

1. e4 c5 2. c3 d5 3. exd5 Qxd5 4. d4 Nc6 5. Nf3 Bg4 6. dxc5 Qxd1+ 7. Kxd1 e5 8.
b4 Nf6 9. Kc2 Bf5+ 10. Kb2 Ng4 11. Be3 Be7 12. Bb5 O-O 13. Nbd2 Rfd8 14. Rhd1
Bf6 15. Nc4 Bd3 16. Bxc6 bxc6 17. Na5 Be4 18. Nb7 Rdb8 19. Na5 Bd8 $11 20. Nc4
a5 21. a3 axb4 22. axb4 Bf6 23. h3 Bd5 24. Nb6 Nxe3 25. fxe3 Rxa1 26. Rxa1 Be4
27. Nd7 Rd8 28. Nxf6+ gxf6 29. c4 Rd3 30. b5 cxb5 31. cxb5 Rxe3 32. c6 Re2+ 33.
Kb3 Rxg2 34. c7 Rc2 35. Nd2 Bf5 36. b6 Rc6 37. Ra6 Bc8 38. b7 Rxc7 39. b8=Q
Rb7+ 40. Qxb7 Bxb7 41. Rxf6 Kg7 42. Rb6 Bc8 43. h4 Be6+ 44. Kc3 Kg6 45. Kd3 Kh5
46. Ke4 Kxh4 47. Kxe5 h5 48. Kf4 Kh3 49. Nf3 1-0

[Event "SV Wattenscheid 1 - SV Dinslaken 1"]
[Site "Oberliga NRW 2017/2018"]
[Date "2017.10.15"]
[Round "2.6"]
[White "Kaehmann, Joerg"]
[Black "Ossig, Rainer"]
[Result "1/2-1/2"]
[WhiteElo "2135"]
[BlackElo "2135"]
[PlyCount "71"]
[EventDate "2017.??.??"]
[WhiteTeam "SV Wattenscheid 1"]
[BlackTeam "SV Dinslaken 1"]

1. e4 e6 2. d4 d5 3. Nc3 h6 4. Bd3 Bb4 5. exd5 exd5 6. Qf3 Nf6 7. Nge2 Bg4 8.
Qg3 Bd6 9. Bf4 Bxe2 10. Nxe2 Bxf4 11. Qxf4 Qd6 12. Qxd6 cxd6 13. Ng3 Nc6 14. c3
O-O-O 15. f3 g6 16. Kf2 Rde8 17. h4 h5 18. Rhe1 Kd7 19. Ne2 Re7 20. Nf4 Rhe8
21. Rxe7+ Rxe7 22. Re1 Rxe1 23. Kxe1 Nd8 24. Kd2 Ne6 25. Ke3 Nc7 26. Bc2 Ke7
27. Bb3 Kf8 28. Bd1 Nh7 29. Nh3 f5 30. g4 fxg4 31. fxg4 hxg4 32. Bxg4 Nf6 33.
Bf3 Ne6 34. Nf4 Nxf4 35. Kxf4 b6 36. Kg5 1/2-1/2

[Event "SV Wattenscheid 1 - SV Dinslaken 1"]
[Site "Oberliga NRW 2017/2018"]
[Date "2017.10.15"]
[Round "2.7"]
[White "Nent, Alexander"]
[Black "Hirsch, Stefan"]
[Result "0-1"]
[WhiteElo "2072"]
[BlackElo "2139"]
[Annotator "Daniel"]
[PlyCount "88"]
[EventDate "2017.??.??"]
[WhiteTeam "SV Dinslaken 1"]
[BlackTeam "SV Wattenscheid 1"]

1. Nf3 Nf6 2. g3 g6 3. b3 Bg7 4. Bb2 O-O 5. Bg2 d6 6. d4 e5 7. dxe5 Ng4 8. O-O
Nc6 9. h3 Ngxe5 10. Qc1 Nxf3+ 11. exf3 Nd4 12. Nc3 Bd7 13. f4 Bc6 14. Bxc6 bxc6
15. Kg2 $11 Re8 16. Qd2 Qd7 17. Qd3 Qf5 18. Qxf5 gxf5 19. Rad1 Nxc2 20. Rd2
Ne1+ 21. Kh1 Nf3 22. Rd3 Nd4 23. Nd1 Ne6 24. Bxg7 Kxg7 25. Ne3 Kg6 26. Rc1 Nc5
27. Rd4 a5 28. Kg2 Re4 29. Rdc4 Rae8 30. R1c3 Rxc4 31. Rxc4 Re4 32. Rc2 a4 33.
bxa4 Rxa4 34. Kf3 Ne6 35. Kg2 Ra6 36. Rd2 Kf6 37. Kf3 Ra4 38. Rb2 d5 39. Ke2 h6
40. Kd2 d4 41. Ng2 c5 42. Ne1 c4 43. Rc2 Nc5 44. Kc1 d3 0-1

[Event "SV Wattenscheid 1 - SV Dinslaken 1"]
[Site "Oberliga NRW 2017/2018"]
[Date "2017.10.15"]
[Round "2.8"]
[White "Voss, Gunther"]
[Black "Sonnenschein, Philipp"]
[Result "1/2-1/2"]
[WhiteElo "2068"]
[BlackElo "2042"]
[PlyCount "95"]
[EventDate "2017.??.??"]
[WhiteTeam "SV Wattenscheid 1"]
[BlackTeam "SV Dinslaken 1"]

1. e4 c5 2. Nf3 Nc6 3. Nc3 Nf6 4. Bb5 g6 5. e5 Ng4 6. Bxc6 dxc6 7. h3 Nh6 8. g4
Bg7 9. d3 f6 10. Bf4 Nf7 11. Qe2 fxe5 12. Bd2 Qc7 13. Ne4 b6 14. O-O-O Nd8 15.
Rhe1 Ne6 16. Neg5 Nf4 17. Qe4 O-O 18. Nxe5 Bxe5 19. Qxe5 Qxe5 20. Rxe5 h6 21.
Bxf4 Rxf4 22. Ne4 e6 23. Rg1 Kg7 24. Kd2 Rf3 25. Rg3 Rxg3 26. fxg3 Bd7 27. Ke3
Rf8 28. Nd2 Kf6 29. Nf3 Bc8 30. c4 Rd8 31. Ke4 Rd6 32. h4 Kg7 33. g5 hxg5 34.
Rxg5 e5 35. g4 Kh6 36. Nxe5 Rf6 37. Nf3 Bd7 38. h5 Be8 39. Re5 Rf8 40. Re6 Kg7
41. hxg6 Bxg6+ 42. Ke3 Bxd3 43. Ne5 Bb1 44. g5 Rf5 45. Nxc6 Rxg5 46. Nxa7 Bxa2
47. Rxb6 Bxc4 48. b4 1/2-1/2

[Event "SF Gerresheim 1 - SK Münster 1"]
[Site "Oberliga NRW 2017/2018"]
[Date "2017.10.15"]
[Round "2.1"]
[White "Holtel, Jasper"]
[Black "Orlov, Andrey"]
[Result "0-1"]
[WhiteElo "2176"]
[BlackElo "2454"]
[PlyCount "54"]
[EventDate "2017.??.??"]
[WhiteTeam "SK Münster 1"]
[BlackTeam "SF Gerresheim 1"]

1. e4 c5 2. Nf3 a6 3. c3 d5 4. exd5 Qxd5 5. d4 e6 6. Bd3 Nf6 7. O-O cxd4 8.
cxd4 Be7 9. Nc3 Qd8 10. Re1 Nc6 11. a3 O-O 12. Bg5 b5 13. Bc2 b4 14. Qd3 g6 15.
Na4 Bb7 16. Rad1 Nd5 17. Bh6 Re8 18. Nc5 Bxc5 19. dxc5 Qf6 20. Qe4 bxa3 21.
Rxd5 Ne7 22. Bg5 Qxb2 23. Qe5 Nxd5 24. Nd4 a2 25. c6 a1=Q 26. cxb7 Rab8 27. Bh6
Qxd4 0-1

[Event "SF Gerresheim 1 - SK Münster 1"]
[Site "Oberliga NRW 2017/2018"]
[Date "2017.10.15"]
[Round "2.2"]
[White "Stets, Dmitry"]
[Black "Webb, Laurence"]
[Result "1-0"]
[WhiteElo "2400"]
[BlackElo "2256"]
[PlyCount "173"]
[EventDate "2017.??.??"]
[WhiteTeam "SF Gerresheim 1"]
[BlackTeam "SK Münster 1"]

1. e4 c6 2. d4 d5 3. exd5 cxd5 4. c4 Nf6 5. Nc3 g6 6. cxd5 Bg7 7. Bc4 Nbd7 8.
Nge2 Nb6 9. Nf4 Nxc4 10. Qa4+ Bd7 11. Qxc4 O-O 12. a4 Ne8 13. O-O Nd6 14. Qd3
Bf5 15. Qd1 Qb6 16. Nfe2 Rac8 17. a5 Qa6 18. Re1 Rfe8 19. Bf4 h6 20. Ng3 Bd7
21. Nge4 Nxe4 22. Rxe4 Bf5 23. Re1 Qd3 24. Qxd3 Bxd3 25. Be5 Bc4 26. Ra4 Ba6
27. f3 Rc4 28. Kf2 Rxa4 29. Nxa4 Rd8 30. Nc3 f6 31. Bc7 Rd7 32. Bb8 b6 33. axb6
axb6 34. Ra1 Bc4 35. Ra7 Rxa7 36. Bxa7 b5 37. Bc5 Bf8 38. Ke3 Kf7 39. f4 f5 40.
g3 Ke8 41. Kd2 Kd7 42. Kc2 Bg7 43. b3 Bf1 44. Nd1 Bf6 45. Kc3 Be2 46. Ne3 Bg7
47. Ba7 Kc7 48. Kb4 Bf8 49. Ka5 Kb7 50. Bc5 Bg7 51. Kb4 Bf8 52. Ng2 g5 53. h4
Bf3 54. Ne3 gxf4 55. gxf4 Be4 56. Kxb5 h5 57. Kc4 Bh6 58. d6 e6 59. d5 exd5+
60. Nxd5 Kc6 61. Ne7+ Kd7 62. Ng6 Bg7 63. b4 Bf6 64. b5 Bg2 65. Bb4 Bd8 66. Kc5
Ke6 67. Be1 Bb7 68. Ne5 Be4 69. Nc6 Kd7 70. Nb4 Ba5 71. Nd3 Bxd3 72. Bxa5 Be4
73. Bb4 Bd3 74. Ba3 Be4 75. Kd4 Ke6 76. Bc5 Bb7 77. d7 Kxd7 78. Ke5 Be4 79. Kf6
Bd3 80. b6 Be4 81. Kg6 Ke6 82. Kxh5 Kf7 83. Bd4 Bc6 84. Kg5 Be4 85. h5 Kg8 86.
Kg6 Bc6 87. h6 1-0

[Event "SF Gerresheim 1 - SK Münster 1"]
[Site "Oberliga NRW 2017/2018"]
[Date "2017.10.15"]
[Round "2.3"]
[White "Muschik, Benedikt"]
[Black "Orzech, Dominik"]
[Result "0-1"]
[WhiteElo "2236"]
[BlackElo "2407"]
[PlyCount "86"]
[EventDate "2017.??.??"]
[WhiteTeam "SK Münster 1"]
[BlackTeam "SF Gerresheim 1"]

1. d4 d5 2. Bf4 Bf5 3. e3 e6 4. c4 Bxb1 5. Qxb1 Bb4+ 6. Kd1 Bd6 7. Bxd6 Qxd6 8.
c5 Qe7 9. Nf3 Nf6 10. Bd3 Nbd7 11. Qc2 O-O 12. Re1 e5 13. Bf5 Rfe8 14. Rc1 c6
15. Bxd7 Nxd7 16. Qf5 g6 17. Qg4 e4 18. Nd2 b6 19. Nb3 Reb8 20. Re2 a5 21. cxb6
Rxb6 22. Rd2 a4 23. Nc5 Nxc5 24. Rxc5 Qb7 25. Qe2 Rb8 26. Kc1 a3 27. Rcc2 Rb5
28. Kb1 Kg7 29. h3 h5 30. h4 Qb6 31. g3 Kg8 32. Ka1 c5 33. dxc5 Rxc5 34. Rxc5
Qxc5 35. Rc2 Rxb2 36. Rxb2 Qc1+ 37. Rb1 Qc3+ 38. Rb2 axb2+ 39. Qxb2 Qe1+ 40.
Qb1 Qxf2 41. Qb8+ Kh7 42. Qe5 Qxe3 43. Qxd5 Qc1# 0-1